Neisté skutočnosti a udalosti, ktoré nastali po dni, ku ktorému sa účtovná závierka zostavuje

Od 1. januára 1999 nadobudlo účinnosť opatrenie MF SR č. 3098/1998-KM, ktorým sa mení a dopĺňa opatrenie MF SR č. 65/277/1993, ktorým sa ustanovuje obsah prílohy tvoriacej súčasť účtovnej závierky podnikateľov. V opatrení sa uvádza nový pojem - neisté skutočnosti a udalosti, ktoré nastali po dni, ku...

Descrizione completa

Salvato in:
Dettagli Bibliografici
Autore principale: Juríková, Renáta
Natura: Capitolo di libro
Lingua:slovacco
Soggetti:
Tags: Aggiungi Tag
Nessun Tag, puoi essere il primo ad aggiungerne!!

MARC

LEADER 00000naa a2200000 4500
001 r037621
005 20230919090540.4
041 0 |a slo 
044 |a SK 
245 1 0 |a Neisté skutočnosti a udalosti, ktoré nastali po dni, ku ktorému sa účtovná závierka zostavuje  |c Renáta Juríková 
520 |a Od 1. januára 1999 nadobudlo účinnosť opatrenie MF SR č. 3098/1998-KM, ktorým sa mení a dopĺňa opatrenie MF SR č. 65/277/1993, ktorým sa ustanovuje obsah prílohy tvoriacej súčasť účtovnej závierky podnikateľov. V opatrení sa uvádza nový pojem - neisté skutočnosti a udalosti, ktoré nastali po dni, ku ktorému sa účtovná závierka zostavuje. V súvislosti s vykazovaním vplyvu neistých neistých skutočností a udalostí sú uvedené ilustračné príklady. 
610 2 0 |a závierka účtovná 
610 2 0 |a jednotka účtovná 
610 2 0 |a podnikatelia 
610 2 0 |a pojmy 
610 2 0 |a opatrenia 
610 2 0 |a novelizácia 
610 2 0 |a MF SR Bratislava 
610 2 0 |a 1999 
100 1 |a Juríková, Renáta